Statistika ekonomicko-statistický časopis

Uložené v:
Podrobná bibliografia
Médium: Seriál
Jazyk:Czech
Vydavateľské údaje: Praha Český statistický úřad 1999
Predmet:
Tagy: Pridať tag
Žiadne tagy, Buďte prvý, kto otaguje tento záznam!

MARC

LEADER 00000nas2a2200000 4500
001 s124154
005 20231103122533.2
022 |a 0322-788X 
041 0 |a cze 
044 |a CZ 
245 1 0 |a Statistika  |b ekonomicko-statistický časopis 
264 1 |a Praha  |b Český statistický úřad  |c 1999 
300 |a 2 zv. 
773 0 |w eu_un_cat*s120025 
610 2 0 |a štatistika 
610 2 0 |a výskum štatistický 
610 2 0 |a teória štatistiky